000 00491nam a2200181Ia 4500
001 9359
005 20260306161712.0
008 260306t2014||||xx |||||||||||||| ||spa||
041 _aESP
082 _a378.125
_bN49
100 _aNewman, John Henry
_eAUT
245 0 _aLa idea de la universidad:
_bII. Temas universitarios tratados en lecciones y ensayos ocasionales
260 _c2014
300 _a305 páginas :
_c23 cm.
650 _aGEN
654 _aCED
942 _cLIB
_dJUS
_fJUS
_2ddc
_n
999 _c9359
_d9359